000
00307nam a2200133Ia 4500
100
_a
Barna orpad & porat D.I
250
_a
6
942
_c
BK
654
_a
integrated
245
_a
Integrated circuits in digital electronics
260
_b
John wiley
_a
Singapore
_c
1987
300
_a
371
546
_a
ENGLISH
999
_c
34516
_d
34516